LEADER 00959nam0-22003491i-450- 001 990003751140403321 005 20060117172037.0 010 $a0-231-05825-X 035 $a000375114 035 $aFED01000375114 035 $a(Aleph)000375114FED01 035 $a000375114 100 $a20030910d1976----km-y0itay50------ba 101 0 $aeng 102 $aIT 105 $ay-------001yy 200 1 $a<>evil eye$f[edited by] Clarence Maloney 210 $aNew York$cColumbia University Press$dİ1976 215 $axxii, 335 p.$cill., tab.$d23 cm 300 $aContiene riferimenti bibl. e indice analitico 610 0 $aMalocchio$aStudi 676 $a398.41 676 $a133.425 702 1$aMaloney,$bClarence 801 0$aIT$bUNINA$gRICA$2UNIMARC 901 $aBK 912 $a990003751140403321 952 $a398.41 MAL 1$b747$fBFS 952 $a398.41 MAL 1BIS$b3086$fBFS 959 $aBFS 996 $aEvil eye$9508463 997 $aUNINA